Historia 2 : de la modernidad a los tiempos modernos /

Guardado en:
Autor Principal: Vázquez de Fernández, Silvia A.
Formato: Libro
Publicado: Buenos Aires, Kapelusz. 1996 :
Materias:
Etiquetas: Agregar Etiqueta
Sin Etiquetas, Sea el primero en etiquetar este registro!
LEADER 01540nam a22002175a 4500
001 CEM.cems007410
008 130507b1996##################000#0#####d
005 20241220095554.0
245 1 0 |a Historia 2 :  |b de la modernidad a los tiempos modernos /  |c Silvia A. Fernández de Vázquez 
260 |a Buenos Aires,  |c 1996 :  |b Kapelusz. 
300 |a 328 p. 
500 |a Para 2do. año de las escuelas de nivel medio 
505 0 |a Los tiempos modernos -- La renovación económica y social de la Modernidad -- La renovación intelectual y artística. El Humanismo y el Renacimiento -- La renovación política: se organizan los Estados nacionales -- América precolombina -- El encuentro entre Europa y América (siglos XV y XVI) -- Política, sociedad y reforma espiritual en la Europa del siglo XVI -- El absolutismo y la supremacía de Francia en Europa (siglo XVII) -- Las relaciones entre Europa y América en el siglo XVII -- El siglo de las luces y el despotismo ilustrado -- Los tiempos contemporáneos -- La revolución industrial -- La Revolución francesa -- Las revoluciones de América y el origen del Estado Argentino -- Las Provincias Unidas del Río de la Plata entre 1819 y 1829 
020 |a 9501325652 
100 1 |a Vázquez de Fernández, Silvia A. 
082 0 4 |a Z940.2 
653 |a Historia 
653 |a Historia-egb 
859 |a CEMS  |b BIB. CEMS - 11 de abril  |h Z940.2  |i V443  |p 28118.21 
859 |a CEMS  |b BIB. CEMS - 11 de abril  |h Z940.2  |i V443  |p 19150.97  |t Ej.3  |v II 
859 |a CEMS  |b BIB. CEMS - 11 de abril  |h Z940.2  |i V443  |p 19151.97  |t Ej.4  |v II